|
|
|
|
| LEADER |
00000nam0a2200000 4500 |
| 001 |
251196 |
| 005 |
20231101232632.0 |
| 010 |
|
|
|a 5217002271
|
| 020 |
|
|
|a RU
|b 88-27522
|
| 035 |
|
|
|a (RuTPU)RU\TPU\book\273461
|
| 090 |
|
|
|a 251196
|
| 100 |
|
|
|a 20140219d1988 k a0rusy5003 ca
|
| 101 |
0 |
|
|a rus
|
| 102 |
|
|
|a RU
|
| 105 |
|
|
|a a z 001zy
|
| 200 |
1 |
|
|a Суперфинишные станки
|f В. Н. Мазальский
|
| 205 |
|
|
|a 2-е изд., перераб. и доп.
|
| 210 |
|
|
|a Ленинград
|c Машиностроение
|d 1988
|
| 215 |
|
|
|a 125 с.
|c ил.
|d 24 см
|
| 320 |
|
|
|a Библиогр.: с. 123-124 (32 назв.)
|
| 606 |
1 |
|
|a Доводочные станки
|2 stltpush
|3 (RuTPU)RU\TPU\subj\9835
|9 36998
|
| 610 |
1 |
|
|a суперфинишные станки
|
| 610 |
1 |
|
|a оборудование
|
| 610 |
1 |
|
|a абразивные инструменты
|
| 610 |
1 |
|
|a суперфиниширование
|
| 610 |
1 |
|
|a технология
|
| 610 |
1 |
|
|a расчет
|
| 610 |
1 |
|
|a конструирование
|
| 610 |
1 |
|
|a суперфинишные головки
|
| 675 |
|
|
|a 621.924.5
|z rus
|
| 700 |
|
1 |
|a Мазальский
|b В. Н.
|g Вячеслав Николаевич
|
| 801 |
|
0 |
|a RU
|b RuMRKP
|c 19950417
|g psbo
|
| 801 |
|
1 |
|a RU
|b 63413507
|c 20140219
|
| 801 |
|
2 |
|a RU
|b 63413507
|c 20140520
|g RCR
|
| 942 |
|
|
|c BK
|